Ochrana spotrebiteľa v SR diplomová práca

Gespeichert in:
Bibliographische Detailangaben
1. Verfasser: Kucbelová, Monika
Körperschaft: Obchodná fakulta EU. Katedra marketingu
Weitere Verfasser: Tkáčiková, Jarmila
Format: Buch
Sprache:Slowakisch
Veröffentlicht: Bratislava 2011
Tags: Tag hinzufügen
Keine Tags, Fügen Sie das erste Tag hinzu!

MARC

LEADER 00000nbm a2200000 4500
001 0131908
005 20161109101741.4
041 0 |a slo 
044 |a SK 
245 1 0 |a Ochrana spotrebiteľa v SR  |b diplomová práca  |c Monika Kucbelová ; školiteľ: Jarmila Tkáčiková 
264 1 |a Bratislava  |c 2011 
300 |a 83 s. 
100 1 |a Kucbelová, Monika 
700 1 |a Tkáčiková, Jarmila 
710 2 |a Obchodná fakulta EU. Katedra marketingu